Perpetual Innovation <The> New World of Competition
Salvato in:
| Autore principale: | |
|---|---|
| Natura: | Libro |
| Lingua: | inglese |
| Pubblicazione: |
New York
Basic Books Publ.
1989
|
| Edizione: | 1. ed. |
| Soggetti: | |
| Tags: |
Nessun Tag, puoi essere il primo ad aggiungerne!!
|
MARC
| LEADER | 00000nam a2200000 4500 | ||
|---|---|---|---|
| 001 | c020230 | ||
| 005 | 20221206131529.4 | ||
| 020 | |a 0-465-05534-6 | ||
| 041 | 0 | |a eng | |
| 044 | |a US | ||
| 245 | 1 | 0 | |a Perpetual Innovation |b <The> New World of Competition |c Don E. Kash |
| 250 | |a 1. ed. | ||
| 264 | 1 | |a New York |b Basic Books Publ. |c 1989 | |
| 300 | |a 269 s. | ||
| 610 | 2 | 0 | |a konkurencia |
| 610 | 2 | 0 | |a konkurencia medzinárodná |
| 610 | 2 | 0 | |a konkurencieschopnosť |
| 610 | 2 | 0 | |a inovácia |
| 610 | 2 | 0 | |a technológie nové |
| 610 | 2 | 0 | |a vzťahy hospodárske medzinárodné |
| 610 | 2 | 0 | |a zmeny štruktúrne |
| 610 | 2 | 0 | |a zmeny technologické |
| 610 | 2 | 0 | |a procesy sociálno-ekonomické |
| 610 | 2 | 0 | |a politika hospodárska |
| 610 | 2 | 0 | |a politika svetová |
| 610 | 2 | 0 | |a USA |
| 610 | 2 | 0 | |a Japonsko |
| 100 | 1 | |a Kash, Don E. | |